Turbo Pascal version 4.0 : the pocket reference

Bibliographic Details
Main Author: Jamsa, Kris
Format: Book
Language:English
Published: Berkeley, California : Osborne McGraw-Hill , 1988
Subjects:

MARC

LEADER 00000cam a2200000 7i4500
001 0000000277
005 20230515.0
008 991123 cau eng
020 |a 0078813794 (pbk) 
040 |a INS 
090 0 0 |a QA76.73.P2   |b .J32 1988 
100 1 |a Jamsa, Kris 
245 1 0 |a Turbo Pascal version 4.0 :   |b the pocket reference   |c Kris Jamsa 
260 |a Berkeley, California :   |b Osborne McGraw-Hill ,   |c 1988 
300 |a 126 p. ;   |c 18 cm. 
650 0 |a Turbo Pascal   |x Computer program 
999 |a 0000004557   |b BOOK   |c Open Shelf   |e Default branch